LEADER 00960nam a2200217 i 4500 001 000000186826 003 CaOOAMICUS 005 20100305000000.0 008 100305s1909 it u000 u ita u 013 $a164882 040 $aSeMil$bita 100 1 $aBattaglia, Eliseo.$0(OLS)http://semarc/name/9696 245 10$aAngioli e bambini nella notte di Natale /$cEliseo Battaglia ; con prefazione del P. Alessandro Ghignoni. 260 $aCittà di Castello :$bEditrice Cooperativa,$c1909. 300 $a169 p. ;$c22 cm. 650 4$aNatale - Racconti.$0(OLS)http://semarc/subject/19662 700 1 $aGhignoni, Alessandro .$0(OLS)http://semarc/name/53904 850 $aSeMil 852 $aSeMil$W1$xVenegono$y1$m3F IV 149$j137513$B137513$CSeMilBibl$Z2$F149013 $81 996 $6245$aAngioli e bambini nella notte di Natale$9(OLS)http://semarc/title/268678 996 $6260$aCittà di Castello :$bEditrice Cooperativa$9(OLS)http://semarc/publisher/49945 LEADER 01534nam a2200313 i 4500 001 000000201407 003 CaOOAMICUS 005 20191028085030.0 008 110428s2011 fr u000 u fre u 013 $a180108 020 $a978-2-204-09384-2 040 $aSeMil$bita 100 1 $aGarrigues, Juan Miguel,$c.$0(OLS)http://semarc/name/5968 245 13$aLe Saint-Esprit sceau de la trinité :$ble Filioque et l'originalité trinitaire de l'Esprit dans sa personne et sa mission /$cJean-Miguel Garrigues. 260 $aParis :$bLes Éditions du Cerf,$c2011. 300 $a245 p. ;$c22 cm. 490 0 $aCogitatio Fidei [Cerf]v276 650 4$aFilioque - Controversia.$0(OLS)http://semarc/subject/48312 650 4$aSpirito Santo - Teologia.$0(OLS)http://semarc/subject/1154 650 4$aTrinità - Teologia.$0(OLS)http://semarc/subject/1098 650 4$aSpirito Santo - Storia delle dottrine.$0(OLS)http://semarc/subject/5143 830 0$aCogitatio Fidei ;$v276.$0(OLS)http://semarc/title/206 850 $aSeMil 852 $aSeMil$W1$xVenegono$y1$m2BA N 276$j151933$B151933$CSeMilBibl$Z2$F163085 $81 961 $aSottoscrizione: SODIS 996 $6020$a978-2-204-09384-2$9(OLS)http://semarc/number/194086 996 $6245$aLe Saint-Esprit sceau de la trinité :$ble Filioque et l'originalité trinitaire de l'Esprit dans sa personne et sa mission$9(OLS)http://semarc/title/291440 996 $6260$aParis :$bLes Éditions du Cerf$9(OLS)http://semarc/publisher/29611